Vai trò của thiết chế gia tộc trong việc thực hiện xây dựng nông thôn mới ở Thừa Thiên Huế hiện nay /

Đã lưu trong:
Sonraí Bibleagrafaíochta
Príomhúdar: Nguyễn Thị Tâm Hạnh.
Formáid: Bài viết
Teanga:Vietnamese
Ábhair:
Clibeanna: Cuir Clib Leis
Gan Chlibeanna, Bí ar an gcéad duine leis an taifead seo a chlibeáil!
Thư viện lưu trữ: Thư viện Trường Đại học Đà Lạt
LEADER 00839nam a2200253 4500
001 DLU190189845
005 ##20190315
040 # # |a DLU  |b vie 
041 # # |a vie 
044 # # |a vn 
100 # # |a Nguyễn Thị Tâm Hạnh. 
245 # # |a Vai trò của thiết chế gia tộc trong việc thực hiện xây dựng nông thôn mới ở Thừa Thiên Huế hiện nay /  |c Nguyễn Thị Tâm Hạnh. 
653 # # |a Dòng họ 
653 # # |a Thừa Thiên Huế 
653 # # |a Xây dựng nông thôn mới 
773 # # |t Văn hoá dân gian  |g Số 3(171), 2017, tr. 16-23 
920 # # |a Phòng Tạp chí -- Trung tâm Thông tin - Thư viện Trường Đại học Đà Lạt 
900 # # |a True 
911 # # |a Nguyễn Thị Thu Phương 
925 # # |a G 
926 # # |a A 
927 # # |a BB 
980 # # |a Thư viện Trường Đại học Đà Lạt